000 00714nam a2200253 a 4500
001 BRCA_5812
005 20190320205226.0
008 100311s1951----fr-a######---#000-0#fre-#
041 _afre
044 _afr
050 4 _aND255
_b.C38 1951
100 1 _aCatlin, Stanton Loomis
_914727
245 1 0 _aArt moderne mexicain
_cStanton L. Catlin.
260 _aParís
_bBraun
_c1951
300 _a1 v. (sin paginación)
_bil., 60 láminas
_c16 cm.
440 0 _aCollection ´Les Maitres´
_914728
500 _aG22
650 1 4 _aPintura mexicana
_93715
650 1 4 _aPintura moderna
_ySiglo XX
_92281
650 1 4 _aArte mexicano
_92321
650 1 4 _aArte moderno
_ySiglo XX
_91863
902 _aGFM
942 _2lcc
_cB
999 _c5501
_d5501